[Event "Challenge"]
[Site "http://www.queenalice.com/game.php?id=1106381"]
[Date "2012.9.25"]
[Round "-"]
[White "vangogh"]
[Black "dionysos"]
[Result "0-1"]
[WhiteElo "1407"]
[BlackElo "1218"]

1. e4 e5 2. d4 Nc6 3. d5 Nd4 4. c3 Qh4 5. g3 Qxe4+ 6. Be3 Nc2+ 7. Kd2 Nxa1 8. f3
Qxd5+ 9. Bd3 Qxa2 10. Bc2 Qxb2 11. Qc1 Nb3+ 12. Kd1 Nxc1 13. Bxc1 Qb6 14. Ne2 d6
15. h4 Qf2 16. Be4 Bd7 17. Bxb7 Ba4+ 18. Kd2 Rb8 19. Be4 d5 20. Bxd5 Rxb1 21.
Ba2 Ra1 22. Bd5 Bc5 23. h5 Qe3+ 24. Ke1 Qf2+ 25. Kd2 Bb5 26. c4 Ra2+ 27. Kd3
Qxe2+ 28. Kc3 Bd4+ 29. Kb4 Bd7 30. Bg5 a5+ 31. Kb3 Qb2# 0-1

[Event "Challenge"]
[Site "http://www.queenalice.com/game.php?id=1106449"]
[Date "2012.9.25"]
[Round "-"]
[White "Ruusgugg"]
[Black "dionysos"]
[Result "1-0"]
[WhiteElo "1019"]
[BlackElo "1242"]

1. c3 e5 2. d4 d6 3. Nf3 Qf6 4. Qa4+ Bd7 5. Qb4 e4 6. Ng5 Qf5 7. Qxb7 Bc6 8.
Qxc7 Bd7 9. e3 Nf6 10. h4 Ng4 11. f3 exf3 12. gxf3 Nxe3 13. Bxe3 Na6 14. Qb7 Nc7
15. Qxc7 Rc8 16. Qxa7 h6 17. Nh3 Qxf3 18. Bf2 Qe4+ 19. Be2 Qxh1+ 20. Ng1 g5 21.
Bf3 Qh2 22. Nd2 gxh4 23. Qa5 Rg8 24. Nf1 Rg5 25. Qb4 Rf5 26. Nxh2 1-0

[Event "Challenge"]
[Site "http://www.queenalice.com/game.php?id=1107416"]
[Date "2012.9.28"]
[Round "-"]
[White "dionysos"]
[Black "Ruusgugg"]
[Result "1-0"]
[WhiteElo "1308"]
[BlackElo "1053"]

1. e4 e5 2. Qf3 Nf6 3. g4 d6 4. g5 Bg4 5. Qg3 Nxe4 6. Qxg4 Nxg5 7. Bb5+ c6 8.
Bd3 h6 9. Nc3 c5 10. Qa4+ Nc6 11. Nd5 Ne6 12. Qb5 Qc8 13. Bf5 Rb8 14. c3 g6 15.
Nf6+ Ke7 16. Nd5+ Kd7 17. Bh3 Qd8 18. Nf3 Rg8 19. d4 e4 20. Nd2 Qg5 21. Nxe4
Qxd5 22. Nf6+ Ke7 23. Nxd5+ Kd7 24. Nf6+ Ke7 25. Nxg8+ Ke8 26. d5 a6 27. Qb6
Ncd8 28. dxe6 Nxe6 29. Bxh6 Kd7 30. Nf6+ Ke7 31. Nd5+ Kd7 32. Be3 f5 33. Qa7 Rc8
34. Qxb7+ Nc7 35. Nb6+ Kd8 36. Qxc8+ 1-0

[Event "Challenge"]
[Site "http://www.queenalice.com/game.php?id=1108382"]
[Date "2012.10.1"]
[Round "-"]
[White "vandany"]
[Black "dionysos"]
[Result "0-1"]
[WhiteElo "1405"]
[BlackElo "1283"]

1. d4 e6 2. e4 Qf6 3. Nf3 Nh6 4. Nc3 g5 5. e5 Qf5 6. Be2 c6 7. O-O Qg6 8. Bd3 f5
9. Nxg5 Rg8 10. Re1 Be7 11. Nf3 Qxg2# 0-1

[Event "Challenge"]
[Site "http://www.queenalice.com/game.php?id=1112761"]
[Date "2012.10.15"]
[Round "-"]
[White "vangogh"]
[Black "dionysos"]
[Result "0-1"]
[WhiteElo "1422"]
[BlackElo "1314"]

1. d4 e6 2. e4 Qh4 3. Qe2 Nf6 4. e5 Ne4 5. g3 Nxg3 6. fxg3 Qxd4 7. Nf3 Qb6 8.
Be3 Qxb2 9. Bd4 Qc1+ 10. Kf2 Nc6 11. Qe1 Qxc2+ 12. Be2 Nb4 13. Na3 Nd3+ 14. Ke3
Bxa3 15. Bxd3 Qc6 16. Qa5 Bf8 17. Rac1 b6 18. Qc3 Bb7 19. Qb3 Qxf3+ 20. Kd2 Qg2+
21. Kc3 a5 22. a4 c5 23. Be3 c4 24. Qxc4 Bd5 25. Qc7 Bb4+ 26. Kd4 Qh3 27. Rhd1
Qg4+ 28. Bf4 Ke7 29. Bb5 Rhd8 30. h3 Qf5 31. h4 Qe4# 0-1

[Event "Challenge"]
[Site "http://www.queenalice.com/game.php?id=1112769"]
[Date "2012.10.15"]
[Round "-"]
[White "roli68"]
[Black "dionysos"]
[Result "1-0"]
[WhiteElo "1527"]
[BlackElo "1342"]

1. e4 e5 2. Qh5 Nf6 3. Qxe5+ Be7 4. Nc3 Nc6 5. Qg3 Rg8 6. Bc4 d5 7. exd5 Nxd5 8.
Nxd5 Nb4 9. Qc3 a5 10. Nf4 Rf8 11. a3 Qd6 12. d4 Bf5 13. axb4 axb4 14. Rxa8+ Bd8
15. Qe3+ Qe7 16. Kd2 Qxe3+ 17. fxe3 1-0

[Event "REVANCHE"]
[Site "http://www.queenalice.com/game.php?id=1114869"]
[Date "2012.10.22"]
[Round "-"]
[White "dionysos"]
[Black "roli68"]
[Result "1-0"]
[WhiteElo "1340"]
[BlackElo "1515"]

1. e4 e5 2. Qf3 Nf6 3. Nh3 Na6 4. Bc4 Nc5 5. Ng5 d5 6. exd5 Bg4 7. Qe3 h6 8.
Qxe5+ Be7 9. Nxf7 Qd7 10. Nxh8 Qa4 11. b3 Qb4 12. d6 cxd6 13. Bf7+ Kd7 14. Qe3
Rxh8 15. O-O Qb5 16. Re1 Nce4 17. d3 Qe5 18. d4 Qf5 19. f3 d5 20. fxe4 dxe4 21.
Bc4 b5 22. d5 bxc4 23. Qxa7+ Ke8 24. Qa4+ Qd7 25. Qxc4 Qa7+ 26. Be3 Qd7 27. Nc3
Bf5 28. a4 g5 29. a5 g4 30. a6 Kf8 31. a7 Kg7 32. a8=R Qb7 33. R8a7 Qc8 34.
Rxe7+ Kg6 35. Qd4 Re8 36. Qa7 Rg8 37. Bd4 h5 38. Rf7 Nd7 39. Ra6+ Kg5 40. Be3+
Kh4 41. Ne2 g3 42. h3 Rg5 43. Bxg5+ Kxg5 44. Rg7+ Kh4 45. Nxg3 Qf8 46. Qf2 Qxg7
47. Nxf5+ 1-0

[Event "Ajedrecistas 1"]
[Site "http://www.queenalice.com/game.php?id=1115292"]
[Date "2012.10.23"]
[Round "1"]
[White "dionysos"]
[Black "SAROS"]
[Result "0-1"]
[WhiteElo "1333"]
[BlackElo "1794"]

1. d4 Nf6 2. Nc3 g6 3. Qd3 Bg7 4. f3 O-O 5. g4 Re8 6. g5 Nh5 7. Qe4 e5 8. Qd5
exd4 9. e3 dxc3 10. Bc4 Re7 11. b3 d6 12. Qd3 Nc6 13. b4 Ne5 14. Qe4 Bf5 0-1

[Event "Challenge"]
[Site "http://www.queenalice.com/game.php?id=1117837"]
[Date "2012.10.31"]
[Round "-"]
[White "Ruusgugg"]
[Black "dionysos"]
[Result "0-1"]
[WhiteElo "1161"]
[BlackElo "1331"]

1. Nf3 f6 2. c4 c6 3. Nc3 Na6 4. g3 Nh6 5. Bh3 d6 6. e3 Bxh3 7. Qb3 Bg2 8. Rg1
Bxf3 9. Qxb7 Qc8 10. Qb3 Ng4 11. h3 Nc5 12. Qc2 Ne5 13. h4 Ncd3+ 14. Kf1 Qh3+
0-1

[Event "Challenge"]
[Site "http://www.queenalice.com/game.php?id=1121891"]
[Date "2012.11.13"]
[Round "-"]
[White "Petrucio"]
[Black "dionysos"]
[Result "0-1"]
[WhiteElo "1328"]
[BlackElo "1369"]

1. b4 e5 2. Nc3 c6 3. a3 Qb6 4. e4 Nf6 5. Na4 Qd4 6. Bb2 Qxe4+ 7. Qe2 Qxc2 8.
Qd1 Qe4+ 9. Be2 Qxg2 10. Bf3 Qg6 11. Nc5 d6 12. h4 dxc5 13. h5 Qg5 14. Nh3 Bxh3
15. Rxh3 cxb4 16. Rg3 Qf4 17. Rh3 e4 18. Be2 Bc5 19. Rg3 Qxf2# 0-1

[Event "Challenge"]
[Site "http://www.queenalice.com/game.php?id=1130045"]
[Date "2012.12.10"]
[Round "-"]
[White "Ruusgugg"]
[Black "dionysos"]
[Result "0-1"]
[WhiteElo "1329"]
[BlackElo "1383"]

1. e4 e5 2. Qf3 Nc6 3. Bc4 f6 4. Qh5+ g6 5. Qf3 Nb4 6. Qc3 Nh6 7. a3 Nc6 8. Qd3
d6 9. Qd5 Nd4 10. Bd3 Be6 11. Qxb7 c6 12. Qb4 d5 13. Qa4 dxe4 14. Bxe4 Bd7 15.
c3 c5 16. Qa6 Nb3 17. Ra2 Nxc1 18. Qb7 Rb8 19. Qd5 Qb6 20. Kd1 Nb3 21. Bd3 Ba4
22. c4 Nd4+ 23. Ke1 Qb3 24. Nc3 Bc6 25. Bc2 Nxc2+ 26. Ke2 Bxd5 27. Nxd5 Qxc4+
28. Kd1 Ng4 29. Nc7+ Kd7 30. b3 Nxf2+ 31. Kc1 Qxb3 32. Rxc2 Qb1# 0-1

[Event "Challenge"]
[Site "http://www.queenalice.com/game.php?id=1132563"]
[Date "2012.12.19"]
[Round "-"]
[White "zmanomega"]
[Black "dionysos"]
[Result "1-0"]
[WhiteElo "1495"]
[BlackElo "1397"]

1. d4 d5 2. c4 c6 3. e3 e6 4. Nc3 Nf6 5. f3 Na6 6. Nh3 h6 7. Nf4 g5 8. Nh3 dxc4
9. a3 b5 10. b3 Nd5 11. Bd2 g4 12. fxg4 cxb3 13. Qxb3 Qh4+ 14. g3 Qxg4 15. Nf2
Qg7 16. Nfe4 f5 17. Nf2 b4 18. Nxd5 cxd5 19. Qa4+ Kf7 20. Nd3 1-0

[Event "AUTO-BEG-555"]
[Site "http://www.queenalice.com/game.php?id=1133403"]
[Date "2012.12.21"]
[Round "2"]
[White "m_KP"]
[Black "dionysos"]
[Result "1-0"]
[WhiteElo "1183"]
[BlackElo "1383"]

1. e4 e5 2. Nf3 Nc6 3. d4 f6 4. d5 Nd4 5. Nxd4 exd4 6. Qxd4 Qe7 7. f4 Nh6 8. Bd2
f5 9. Nc3 Qh4+ 10. g3 Qg4 11. Be2 Qh3 12. Qe5+ Kd8 13. Nb5 d6 14. Qc3 c5 15.
dxc6 Qg2 16. Bf3 Qh3 17. cxb7 1-0

[Event "AUTO-BEG-555"]
[Site "http://www.queenalice.com/game.php?id=1133404"]
[Date "2012.12.21"]
[Round "2"]
[White "dionysos"]
[Black "m_KP"]
[Result "1-0"]
[WhiteElo "1355"]
[BlackElo "1193"]

1. c4 c5 2. e4 e6 3. Na3 d5 4. exd5 exd5 5. Nf3 Qe7+ 6. Be2 Be6 7. Qa4+ Nc6 8.
h3 Bf5 9. Nb5 a6 10. cxd5 Ne5 11. O-O O-O-O 12. Nc3 g5 13. d3 Nxf3+ 14. Bxf3
Bxd3 15. Rd1 Re8 16. Qg4+ Kb8 17. Bd2 h5 18. Qxg5 f6 19. Qg3+ Ka7 20. b4 Qd7 21.
Be3 Re5 22. Rxd3 Bd6 23. Qh4 Ne7 24. bxc5 Nf5 25. c6+ Kb8 26. Qa4 Qc8 27. Rb1
Re7 28. Qxa6 b5 29. Rxb5+ Rb7 30. cxb7 Qxb7 31. Qxb7# 1-0

[Event "Ajedrecistas 1"]
[Site "http://www.queenalice.com/game.php?id=1135377"]
[Date "2012.12.29"]
[Round "2"]
[White "tucot"]
[Black "dionysos"]
[Result "1-0"]
[WhiteElo "2315"]
[BlackElo "1385"]

1. e4 e5 2. d3 c5 3. Nc3 Qa5 4. g3 Nf6 5. Bg2 Nc6 6. Ne2 Nd4 7. O-O h5 8. f4 Ng4
9. h3 Nf6 10. fxe5 Nh7 11. Nxd4 cxd4 12. Nd5 g6 13. Qf3 1-0

[Event "Ajedrecistas 1"]
[Site "http://www.queenalice.com/game.php?id=1154578"]
[Date "2013.2.22"]
[Round "3"]
[White "letter"]
[Black "dionysos"]
[Result "1-0"]
[WhiteElo "1412"]
[BlackElo "1365"]

1. e4 c5 2. c4 Nc6 3. Nf3 Qa5 4. Nc3 Nb4 5. Qa4 Qb6 6. a3 e6 7. axb4 cxb4 8. Nb5
a6 9. Nbd4 Nf6 10. e5 Ne4 11. Bd3 Nc5 12. Qc2 h6 13. b3 h5 14. h4 Qc7 15. Bb2 g6
16. O-O Bh6 17. Ra4 a5 18. Raa1 O-O 19. Nb5 Qc6 20. Bd4 b6 21. Bxc5 Qxc5 22. Be4
Ra6 23. Rfd1 f5 24. d4 Qe7 25. Bd3 d5 26. exd6 Qb7 27. c5 Qc6 28. Ne5 Qb7 29.
Nxg6 Rf6 30. c6 Qb8 31. Nc7 Ra7 32. Ne7+ 1-0

[Event "Challenge"]
[Site "http://www.queenalice.com/game.php?id=1155456"]
[Date "2013.2.25"]
[Round "-"]
[White "Petrucio"]
[Black "dionysos"]
[Result "0-1"]
[WhiteElo "1152"]
[BlackElo "1365"]

1. Na3 a6 2. e4 c6 3. Qh5 b5 4. d4 g6 5. Qh4 Qa5+ 6. Bd2 Qb6 7. Qf4 e6 8. Qe5 f6
9. Qg3 Qxd4 10. c3 Qxe4+ 11. Be2 Qd5 12. c4 Qc5 13. Be3 Qb4+ 14. Bd2 Qxb2 15.
Rb1 Qxa2 16. Bb4 Bxb4+ 17. Kf1 Bxa3 18. cxb5 Qxb1+ 19. Bd1 Qxd1# 0-1

[Event "Challenge"]
[Site "http://www.queenalice.com/game.php?id=1155460"]
[Date "2013.2.25"]
[Round "-"]
[White "Petrucio"]
[Black "dionysos"]
[Result "0-1"]
[WhiteElo "1162"]
[BlackElo "1372"]

1. Nf3 e6 2. Ne5 Qf6 3. Ng4 Qg5 4. h3 Nh6 5. g3 f5 6. h4 Qxg4 7. f3 Qb4 8. e4
Qd6 9. Bd3 fxe4 10. fxe4 Qxg3+ 11. Kf1 Ng4 12. Qe1 Qf4+ 13. Kg1 Bc5+ 14. Kg2 Qf6
15. Kh3 Nf2+ 16. Kh2 Bd6+ 17. Kg2 Nxh1 18. Kxh1 Qf3+ 19. Kg1 Bc5+ 20. Kh2 Rf8
21. Be2 Qf4+ 22. Qg3 Qxe4 23. Bh5+ g6 24. Bf3 Rxf3 25. Qg5 Rf2+ 26. Kg3 Rg2+ 27.
Kh3 Qf3+ 28. Qg3 Qxg3# 0-1

[Event "Ajedrecistas 1"]
[Site "http://www.queenalice.com/game.php?id=1187289"]
[Date "2013.6.3"]
[Round "5"]
[White "dionysos"]
[Black "princesher"]
[Result "0-1"]
[WhiteElo "1380"]
[BlackElo "1827"]

1. e4 e5 2. g3 d6 3. Nc3 Nf6 4. h3 a6 5. Nf3 h5 6. Ng5 Be6 7. d3 d5 8. Bg2 Bb4
9. O-O Bxc3 10. Nxe6 fxe6 11. bxc3 c6 12. Rb1 b5 13. f4 exf4 14. gxf4 dxe4 15.
d4 e3 16. Qe2 Nd5 17. Rb3 Qa5 18. Bb2 Qc7 19. f5 Qf7 20. fxe6 Qxe6 21. Qf3 a5
22. c4 bxc4 23. Rb7 Nd7 24. Qg3 g6 25. Re1 N7b6 26. Rxb6 O-O 27. Rb7 Rf2 28.
Rb8+ Rxb8 29. Qxb8+ Kh7 30. Qa7+ Kh6 31. Qxa5 Rxc2 32. Ba3 Nf4 33. Bf8+ Kh7 34.
Qc7+ Kg8 35. Qxf4 Rxa2 36. Qh6 Qf7 37. Qxe3 Qxf8 38. Rf1 Qc8 39. Qe4 Kg7 40.
Qe7+ Kh6 41. h4 Ra8 42. Qg5+ Kg7 43. Qf6+ Kh7 44. Be4 Qg4+ 0-1

[Event "Challenge"]
[Site "http://www.queenalice.com/game.php?id=1252714"]
[Date "2014.1.31"]
[Round "-"]
[White "dionysos"]
[Black "Guilhermerocha"]
[Result "0-1"]
[WhiteElo "1378"]
[BlackElo "1562"]

1. e4 g6 2. Nc3 Bg7 3. Qf3 d6 4. Bc4 Nf6 5. h3 h5 6. d3 Nc6 7. Be3 e6 8. O-O-O
O-O 9. a3 a6 10. d4 Na5 11. b3 Nxc4 12. bxc4 Ne8 13. d5 Bxc3 14. Bh6 Bg7 15. Bd2
Qd7 16. Qb3 c6 17. g4 Nf6 18. f3 exd5 19. g5 dxc4 20. Qxc4 d5 21. Qc5 Ne8 22.
exd5 Qxd5 23. Bb4 Qa2 24. Kd2 Bf5 25. Ke2 Nc7 26. Rd2 Ne6 27. Qd6 Rfe8 28. Kf2
Red8 29. c3 Qxd2+ 30. Qxd2 Rxd2+ 31. Ke1 Rad8 0-1